Normal view
MARC view
- Superviser : Dr. Muhammad Imran
Entry Personal Name
001 - CONTROL NUMBER
- control field: 120732
003 - CONTROL NUMBER IDENTIFIER
- control field: NUST
005 - DATE AND TIME OF LATEST TRANSACTION
- control field: 20240219162322.0
008 - FIXED-LENGTH DATA ELEMENTS
- fixed length control field: 240219|| aca||aabn | a|a d
040 ## - CATALOGING SOURCE
- Original cataloging agency: NUST
- Transcribing agency: NUST
100 ## - HEADING--PERSONAL NAME
- Personal name: Superviser : Dr. Muhammad Imran
670 ## - SOURCE DATA FOUND
- Source citation: Work cat.: (NUST): Khurshid, Kiran 120731, Optimum Detection Techniques for MIMO and Massive MIMO Systems/
